00428nam a22001457a 4500003000900000005001700009008003200026040002200058082001900080100001700099245008500116260002700201300002800228700002600256DO-SdBNP20171205110736.0171121b 1980 |||| 00| 0 spa d aBPMSUbspacBPMSU axxxxxxbxxxxxx1 aD. Nosov, S.1 aEnfermedades infecciosas infantiles /cS. D. Nosov ; traducción Ana P. Scherba aMoscú :bMir,c1980. 3446 p. :bil. ;c22 cm.1 aP. Scherba, Ana,etr.